000 00338pab a2200145 454500
008 180718b2017 xxu||||| |||| 00| 0 eng d
100 _aPriya, N.S. Vishnu
245 _aFeminism- a review
260 _c2017
300 _ap.483-490.
650 _aWomen
700 _aMaheswari, C.N. Baby
773 _aMan in India
909 _a115817
999 _c115811
_d115811